Dates de la tournée européenne de Rammstein 2019-2024 - Statistiques

Statistiques générales
  • Ce quiz a été pris 24 fois
  • Le résultat moyen est 43 sur 123
Statistiques - réponses
Hint Réponse % Correct
15 juillet 2023 | 16 juillet 2023 | 18 juillet 2023 | +3 others Berlin
100%
22 juillet 2023 | 28 juin 2019 | 29 juin 2019 Paris
100%
15 juin 2024 | 8 juillet 2022 | 9 juillet 2022 Lyon
88%
8 juin 2024 Marseille
88%
23 juin 2023 Madrid
75%
10 juin 2023 | 11 juin 2023 | 7 juin 2023 | +3 others Munich
69%
10 juillet 2019 | 3 août 2023 | 4 août 2023 | 5 août 2023 Bruxelles
63%
29 juillet 2019 Moscou
63%
11 juin 2024 | 1er juin 2019 Barcelone
56%
26 juin 2023 Lisbonne
56%
27 mai 2023 | 28 mai 2023 Helsinki
50%
22 août 2019 | 23 août 2019 | 26 juillet 2023 | 27 juillet 2023 Vienne
50%
30 mai 2024 Athenes
44%
17 juin 2023 | 18 juin 2023 | 5 juin 2019 Berne
44%
11 juillet 2023 | 12 juillet 2023 Budapest
44%
18 août 2019 | 24 juillet 2022 Oslo
44%
10 juin 2022 | 11 juin 2022 Stuttgart
44%
16 juillet 2022 Varsovie
44%
23 juin 2024 Dublin
38%
11 mai 2024 | 12 mai 2024 | 15 mai 2022 | +3 others Prague
38%
12 juillet 2022 Turin
38%
30 mai 2022 | 31 mai 2022 Zurich
38%
19 juin 2019 | 5 juillet 2024 Copenhague
31%
11 juillet 2024 | 12 juillet 2024 | 13 juillet 2019 | 13 juillet 2024 Francfort
31%
25 juin 2019 Rotterdam
31%
24 mai 2024 | 25 mai 2024 Belgrade
25%
12 juin 2019 | 13 juin 2019 | 15 mai 2024 | +3 others Dresde
25%
20 mai 2022 | 21 mai 2022 Leipzig
25%
20 juillet 2019 Luxembourg
25%
2 août 2019 Saint-Petersbourg
25%
14 août 2019 Stockholm
25%
20 juillet 2022 Tallinn
25%
30 juin 2022 Cardiff
19%
26 juillet 2024 | 27 juillet 2024 | 27 mai 2019 | +4 others Gelsenkirchen
19%
14 juin 2022 | 15 juin 2022 Hambourg
19%
6 août 2019 Riga
19%
22 mai 2023 Vilnius
13%
18 juin 2022 | 19 juin 2022 Dusseldorf
6%
28 juillet 2022 | 29 juillet 2022 | 30 juillet 2022 Goteborg
6%
2 juillet 2019 Hanovre
6%
17 juillet 2024 | 18 juillet 2024 | 25 mai 2022 | 26 mai 2022 Klagenfurt
6%
6 juillet 2019 Milton Keynes
6%
27 juin 2024 | 28 juin 2024 | 3 août 2022 | 4 août 2022 Ostende
6%
1er juillet 2023 Padova
6%
21 juillet 2024 Reggio Emilia
6%
5 juin 2024 San Sebastian
6%
14 juin 2023 Trencin
6%
22 juin 2022 Aarhus
0%
24 juillet 2019 | 30 juillet 2023 | 31 juillet 2023 Chorzow
0%
26 juin 2022 Coventry
0%
6 juillet 2023 | 7 juillet 2023 Groningue
0%
18 juin 2024 | 19 juin 2024 | 4 juillet 2022 | 5 juillet 2022 Nimegue
0%
2 juin 2023 | 3 juin 2023 Odense
0%
16 juin 2019 Rostock
0%
10 août 2019 | 9 août 2019 Tampere
0%
Aucun quiz correspondant
Distribution des résultats
% des personnes avec chaque résultat
Percentile par nombre de réponses
Votre historique - résultats
Vous n’avez pas pris ce quiz